Guess the Arab Countries [PRO] - Statistics

General Stats
  • This quiz has been taken 28 times
  • The average score is 9 of 22
Answer Stats
Picture Answer % Correct
Lebanon
90%
Saudi arabia
85%
Algeria
80%
Egypt
80%
Libya
55%
Tunisia
50%
Oman
45%
Jordan
40%
Syria
40%
Comoros
35%
Mauritania
35%
Yemen
35%
Iraq
30%
Kuwait
30%
Morocco
30%
Qatar
30%
Palestine
25%
Sudan
25%
United Arab Emirates
20%
Bahrain
15%
Somalia
15%
Djibouti
5%
No matching quizzes found
Score Distribution
Percent of People with Each Score
Percentile by Number Answered
Your Score History
You have not taken this quiz